Countries that are Scrabble Words - Statistics

General Stats
  • This quiz has been taken 55 times
  • The average score is 5 of 14
Answer Stats
Meaning Answer % Correct
Porcelain China
89%
A hot pepper Chile
81%
A type of straw hat Panama
60%
A common bird Turkey
60%
A piece of paper produced in punching holes Chad
49%
A type of tree Brazil
43%
A type of varnish Japan
34%
An old English coin Guinea
32%
A machine for refining paper pulp Jordan
28%
A type of leather Morocco
19%
A type of tea Congo
13%
A type of fabric Bolivia
9%
A vehicle common in India Tonga
9%
An extract from a vine Gambia
6%
No matching quizzes found
Score Distribution
Percent of People with Each Score
Percentile by Number Answered
Your Score History
You have not taken this quiz